000 00676nam a22002417a 4500
003 UA-OsUOA
001 28577
007 ta
008 20050412b un ||||| |||| 00| 0 ukr d
090 _a81.161.2
_bН34
942 _cBK
040 _aUA-OsUOA
_bukr
_cUA-OsUOA
_dUA-OsUOA
245 _aНаукові записки. Серія "Філологічна"
300 _a128 с.
955 _a2
041 _aukr
080 _a81.161.2
020 _a966-7631-82-6
260 _aОстрог
_bНаУОА
_c2004
044 _aUA
650 7 _a8 Мовознавство. Художня література. Літературознавство
_2UDC
999 _c314946
_d314946